Statistics for Merged Country Names

Click here to take the quiz!

General Stats

  • This quiz has been taken 3,634 times
    (3,468 since last reset)
  • The average score is 17 of 24

Answer Stats

HintAnswer% Correct
RusinoRussia
99%
TunaitTunisia
92%
ArmityArmenia
91%
DemogoD.R. Congo
90%
EcunkaEcuador
90%
BralauBrazil
87%
PoratiPortugal
87%
MaunyaMauritius / Mauritania
86%
BrudenBrunei
84%
BralauPalau
83%
TunaitKuwait
82%
KyrltaKyrgyzstan
82%
DemogoTogo
78%
MaunyaKenya
74%
FedicoFed. States of Micronesia
70%
KyrltaMalta
63%
CosgroMontenegro
61%
CosgroCosta Rica
60%
PoratiKiribati
53%
FedicoMexico
51%
BrudenSweden
49%
RusinoSan Marino
43%
EcunkaSri Lanka
40%
ArmityVatican City
27%

Score Distribution

Percentile by Number Answered

Percent of People with Each Score

Your Score History

You have not taken this quiz since the last reset